Simplified design for building sound control /

Bibliographic Details
Main Author: Ambrose, James E.
Other Authors: Ollswang, Jeffrey, 1946-
Format: Book
Language:English
Published: New York : Wiley, [1995]
Series:Parker-Ambrose series of simplified design guides.
Subjects:

MARC

Tag First Indicator Second Indicator Subfields
LEADER 00000cam a2200000 a 4500
001 in00001237653
005 20151003071832.0
008 941021s1995 nyua b 001 0 eng
010 |a  94023802  
020 |a 0471569089 (acid-free paper) 
035 |a (OCoLC)31435606 
035 |9 AGT5264AM 
040 |a DLC  |c DLC  |d UtOrBLW 
049 |a TXAM 
050 0 0 |a TH1725  |b .A57 1995 
082 0 0 |a 693/.834  |2 20 
100 1 |a Ambrose, James E. 
245 1 0 |a Simplified design for building sound control /  |c James Ambrose, Jeffrey E. Ollswang. 
264 1 |a New York :  |b Wiley,  |c [1995] 
264 4 |c ©1995 
300 |a x, 161 pages :  |b illustrations ;  |c 26 cm. 
336 |a text  |b txt  |2 rdacontent 
337 |a unmediated  |b n  |2 rdamedia 
338 |a volume  |b nc  |2 rdacarrier 
490 1 |a Parker-Ambrose series of simplified design guides 
500 |a "A Wiley-Interscience publication." 
504 |a Includes bibliographical references (pages 135-136) and index. 
650 0 |a Soundproofing. 
700 1 |a Ollswang, Jeffrey,  |d 1946- 
830 0 |a Parker-Ambrose series of simplified design guides. 
999 |a MARS 
999 f f |s 0d2130e2-9141-33f8-ad8e-4c6c4a5c71e9  |i de805e61-e42e-3e94-9ee8-32461ec8c5e8  |t 0 
952 f f |p ric  |a Texas A&M University  |b Rellis Campus  |c Joint Library Facility  |d Remote Storage  |t 0  |e TH1725 .A57 1995  |h Library of Congress classification  |i unmediated -- volume  |m A14819730758 
998 f f |a TH1725 .A57 1995  |t 0  |l Remote Storage